Infrastructure facilities.
| Corporate Author: | |
|---|---|
| Format: | Book |
| Published: |
Kuala Lumpur:
Malaysia Industrial Development Authority(MIDA),
2009.
|
| Series: | Guide for Malaysian manufacturers:Book 6
|
| Subjects: |
| LEADER | 00513cam a2200145 7i4500 | ||
|---|---|---|---|
| 001 | 0000025640 | ||
| 005 | 20110106090000.0 | ||
| 090 | 0 | 0 | |a M 363.6 |b MAL |
| 110 | 2 | 0 | |a Malaysia Industrial Development Authority (MIDA) |
| 245 | 2 | 0 | |a Infrastructure facilities. |
| 260 | 0 | 0 | |a Kuala Lumpur: |b Malaysia Industrial Development Authority(MIDA), |c 2009. |
| 300 | # | # | |a 12 p. |
| 440 | 0 | 0 | |a Guide for Malaysian manufacturers:Book 6 |
| 650 | 0 | 0 | |a Infrastructure(Economics) -- |z Malaysia |
| 999 | |a 0000024094 |b Book |c Malaysia |e Business Information Centre | ||